Clubs de Ligue 1 et Ligue 2 (2025-2026) - Statistiques

Statistiques générales
  • Ce quiz a été pris 405 fois
  • Le résultat moyen est 27 sur 36
Statistiques - réponses
% Correct
Ligue 1 Paris Saint-Germain
99%
Ligue 1 Olympique de Marseille
98%
Ligue 1 Olympique Lyonnais
96%
Ligue 1 RC Lens
93%
Ligue 1 LOSC
92%
Ligue 1 Paris FC
92%
Ligue 1 RC Strasbourg Alsace
92%
Ligue 1 Stade Rennais
92%
Ligue 1 AS Monaco
90%
Ligue 1 FC Nantes
90%
Ligue 1 Toulouse FC
90%
Ligue 1 OGC Nice
89%
Ligue 2 AS Saint-Étienne
88%
Ligue 1 FC Metz
85%
Ligue 1 Stade Brestois
84%
Ligue 1 Angers SCO
83%
Ligue 1 FC Lorient
82%
Ligue 2 Montpellier HSC
82%
Ligue 1 Le Havre
81%
Ligue 1 AJ Auxerre
79%
Ligue 2 Stade de Reims
79%
Ligue 2 AS Nancy Lorraine
63%
Ligue 2 Pau FC
63%
Ligue 2 SC Bastia
63%
Ligue 2 Le Mans FC
61%
Ligue 2 Amiens SC
60%
Ligue 2 ESTAC
60%
Ligue 2 Red Star
60%
Ligue 2 Clermont Foot 63
59%
Ligue 2 Grenoble Foot 38
59%
Ligue 2 USL Dunkerque
58%
Ligue 2 En Avant Guingamp
57%
Ligue 2 US Boulogne
53%
Ligue 2 Rodez
51%
Ligue 2 Stade Lavallois
50%
Ligue 2 FC Annecy
48%
Aucun quiz correspondant
Distribution des résultats
% des personnes avec chaque résultat
Percentile par nombre de réponses
Votre historique - résultats
Vous n’avez pas pris ce quiz